|
|
|
|
| LEADER |
00975nam a2200277 4500 |
| 001 |
DLU090072385 |
| 005 |
##20090508 |
| 040 |
# |
# |
|a DLU
|b vie
|
| 041 |
# |
# |
|a vie
|
| 044 |
# |
# |
|a vn
|
| 100 |
# |
# |
|a Trương Thị Thuý Hằng,
|c TS.
|
| 245 |
# |
# |
|a Phát triển con người và những vấn đề đặt ra cho tiến trình thực hiện các mục tiêu phát triển thiên niên kỷ ở khu vực châu Á - Thái Bình Dương và ở Việt Nam /
|c Trương Thị Thuý Hằng.
|
| 653 |
# |
# |
|a Châu Á
|
| 653 |
# |
# |
|a Khu vực Thái Bình Dương
|
| 653 |
# |
# |
|a Phát triển con người
|
| 653 |
# |
# |
|a Việt Nam
|
| 773 |
# |
# |
|t Nghiên cứu Con người
|g Số 2(11), 2004, tr. 53-62
|
| 920 |
# |
# |
|a Phòng Tạp chí -- Trung tâm Thông tin - Thư viện Trường Đại học Đà Lạt
|
| 994 |
# |
# |
|a DLU
|
| 900 |
# |
# |
|a True
|
| 911 |
# |
# |
|a Đào Thị Thu Huyền
|
| 925 |
# |
# |
|a G
|
| 926 |
# |
# |
|a A
|
| 927 |
# |
# |
|a BB
|
| 980 |
# |
# |
|a Thư viện Trường Đại học Đà Lạt
|